000 00936nam a2200217Ia 4500
001 858-TOR gi ce (9850)
003 IT-MiSPE
008 171229s9999||||xx |||||||||||||| ||und||
040 _aIT-MiSPE
_cIT-MiSPE
041 _aITALIANO
100 _aGiorgio Torelli
245 0 _aDopo cena dal cardinale
250 _a1a ed. (v)
260 _aMilano
_bEd. Paoline
_c1992
300 _a146 p.
_c20 cm
490 _aFrammenti di vita
_v15
501 _aEdizioni San Paolo srl - Piazza Soncino, 5 - 20092 CINISELLO BALSAMO (MI) (non commercial uses only) ® Copyright 2018
942 _cBK
957 _71
999 _a18417
_bNO
_g Copie: 1
_c354794
_d354794